| 000 | 00703nam a2200217Ii 4500 | ||
|---|---|---|---|
| 003 | JO-AjNU | ||
| 008 | 230605s9999||||xx |||||||||||||| ||und|| | ||
| 017 | _a22/0920 | ||
| 020 | _a9960-14-086-5 | ||
| 040 |
_aJO-AjNU _bara _erda _cJO-AjNU |
||
| 041 | _aara | ||
| 050 | 1 | 4 | _aQA76.9.D3 .H36 2002 |
| 100 | 3 |
_aحنا، حليم حبيب, _eauthor _927665 |
|
| 245 | 0 | 0 | _a نمذجة البيانات في قواعد البيانات والتحويل بين النماذج |
| 264 | 3 | 1 | _aالرياض:د.م، 2002 |
| 300 | _a478ص | ||
| 336 |
_atext _btxt _2rdacontent |
||
| 337 |
_aunmediated _bn _2rdamedia |
||
| 338 |
_avolume _bnc _2rdacarrier |
||
| 650 | 4 |
_a قواعد بيانات. _927666 |
|
| 999 |
_aA10639 _c14207 _d14207 |
||